000 01061nab a2200205 i 4500
001 BPP
003 BPK
005 20151123121135.0
008 151123s2003 pl | | |000 ||pol
040 _cBPK
080 _a657.41/.45
100 _aSKARBEK, Helena.
_d2000 - .
_bPolitechnika Koszalińska - Wydział Ekonomii i Zarządzania,
_cKatedra Metod Ilościowych
245 _aIstota i metody analizy finansowej w przedsiębiorstwie /
_cHelena Skarbek.
260 _c2003.
500 _aDane z autopsji.
520 _aArtykuł omawiający metody analizy ekonomicznej, które dzieli się na analizę finansową i analizę techniczno-ekonomiczną. Stopień szczegółowości takiej analizy, jak również zakres przedmiotowy i czasowy zależy w dużym stopniu od przyjęcia określonego punktu odniesienia, jak również metody analizy finansowej.
650 0 _aPrzedsiębiorstwo - finanse.
773 _iW :
_tKoszalińskie Studia i Materiały. -
_dKoszalin : Wydaw. Uczelniane Politechniki Koszalińskiej, 2003. -
_gnr 5, s. 189-198
942 _cART
_2UKD
999 _c4396
_d4396